Statistics for Mathematics

Click here to take the quiz!

General Stats

  • This quiz has been taken 62 times
  • The average score is 14 of 15

Answer Stats

QuestionAnswer% Correct
3 + 47
98%
98 - 4553
96%
56/78
96%
45 / 59
96%
44 - 3212
94%
4 * 728
94%
58-75-17
92%
95 + 76171
92%
76/238
92%
34 - 88-54
92%
24/46
92%
69 + 69138
91%
43 + 2366
91%
65 + 89154
89%
56*3168
87%

Score Distribution

Percentile by Number Answered

Percent of People with Each Score

Your Score History

You have not taken this quiz